| 000 | 00611nam a22002177a 4500 | ||
|---|---|---|---|
| 003 | OSt | ||
| 005 | 20260216115059.0 | ||
| 008 | 160222b xxu||||| |||| 00| 0 eng d | ||
| 020 | _a05-745-2012-1 | ||
| 040 | _c0 | ||
| 050 | _a174.4 | ||
| 082 | _a174.4 | ||
| 100 |
_aAlvi,Sara _9133239 |
||
| 245 |
_aThe Engro Zarkhez Challenge 2011. _bCase Studies. _cSara Alvi |
||
| 260 |
_aLahore _bLUMS _c2012. |
||
| 300 | _a26p. | ||
| 500 | _aPaper Cover | ||
| 590 | _6http://10.250.8.41:8080/xmlui/handle/123456789/56790 | ||
| 856 | _uhttp://10.250.8.41:8080/xmlui/handle/123456789/56790 | ||
| 942 |
_2ddc _cCS _k174.4 |
||
| 999 |
_c351198 _d351198 |
||